| 000 | 00656nam a2200241Ia 4500 | ||
|---|---|---|---|
| 003 | GCL | ||
| 005 | 20240530103037.0 | ||
| 008 | 140319s9999 xx 000 0 ara d | ||
| 017 | _a84/5891 | ||
| 040 |
_aGCL / _cGCL |
||
| 082 | 0 | 4 |
_a191 _bز م |
| 100 | 1 | _aزكريا ابراهيم | |
| 245 | 1 | 0 |
_aمشكلة الحب / _cزكريا ابراهيم |
| 260 |
_aالقاهرة : _bمكتبة مصر ، _c1984 |
||
| 300 |
_a288 ص ؛ _c24 سم |
||
| 490 |
_aمشكلات فلسفية _v5 |
||
| 650 | 0 | 4 | _aالفلسفة |
| 650 | 0 | 4 | _aالمرأة |
| 650 | 0 | 4 | _aعلم النفس |
| 650 | 0 | 4 | _aالزواج |
| 650 | 0 | 4 | _aالحب |
| 942 |
_2ddc _cBK |
||
| 999 |
_c36397 _d36397 |
||